000 00417nam a2200157Ia 4500
008 210716s2010 xx 000 0 und d
020 _a9789380618401
041 _aeng
082 _a657.7 AHMN
100 _aAhmed, Naseem;Khan, Nawab Ali.
245 _aFundamentals of corporate accounting.
250 _a1
260 _aNew Delhi
_bAne Books PVT LTD
_c2010
300 _axviii;694
650 _aCorporate Finance
999 _c207582
_d207582